[Event "MP do 16 lat - chlopcy"]
[Site "Sypniewo"]
[Date "2022.03.23"]
[Round "5.21"]
[White "Grzadka, Artur"]
[Black "Taranowicz, Michal"]
[Result "0-1"]
[BlackElo "1965"]
[WhiteElo "1710"]
[LiveChessVersion "1.4.8"]

1. d4 {[%clk 1:30:58]} Nf6 {[%clk 1:30:54]} 2. c4 {[%clk 1:31:24]} c5
{[%clk 1:31:21]} 3. d5 {[%clk 1:30:46]} e6 {[%clk 1:31:46]} 4. Nc3
{[%clk 1:31:03]} exd5 {[%clk 1:32:11]} 5. cxd5 {[%clk 1:31:29]} d6
{[%clk 1:32:37]} 6. e4 {[%clk 1:31:47]} g6 {[%clk 1:33:00]} 7. Bb5+
{[%clk 1:30:41]} Nfd7 {[%clk 1:30:14]} 8. Nf3 {[%clk 1:28:41]} a6
{[%clk 1:29:12]} 9. Bd3 {[%clk 1:27:58]} b5 {[%clk 1:29:35]} 10. O-O
{[%clk 1:27:59]} Bg7 {[%clk 1:29:59]} 11. Bf4 {[%clk 1:28:00]} Ne5
{[%clk 1:27:14]} 12. Nxe5 {[%clk 1:27:04]} dxe5 {[%clk 1:27:34]} 13. Be3
{[%clk 1:27:15]} Qd6 {[%clk 1:27:05]} 14. Rc1 {[%clk 1:21:00]} Nd7
{[%clk 1:26:44]} 15. a4 {[%clk 1:19:30]} b4 {[%clk 1:25:47]} 16. Nb1
{[%clk 1:19:15]} Bb7 {[%clk 1:21:46]} 17. Nd2 {[%clk 1:19:00]} O-O
{[%clk 1:20:54]} 18. Qc2 {[%clk 1:17:24]} Rfc8 {[%clk 1:19:20]} 19. Nc4
{[%clk 1:17:06]} Qc7 {[%clk 1:19:20]} 20. f4 {[%clk 1:13:25]} a5 {[%clk 1:08:22]}
21. f5 {[%clk 1:05:54]} Ba6 {[%clk 1:07:07]} 22. Rf3 {[%clk 1:00:43]} Bxc4
{[%clk 0:57:52]} 23. Bxc4 {[%clk 1:01:04]} Qd6 {[%clk 0:57:50]} 24. Bb5
{[%clk 0:57:26]} Ra7 {[%clk 0:51:34]} 25. Qf2 {[%clk 0:45:52]} Nf6
{[%clk 0:48:42]} 26. Qh4 {[%clk 0:43:53]} Rac7 {[%clk 0:42:40]} 27. b3
{[%clk 0:41:38]} Ne8 {[%clk 0:35:07]} 28. Bc6 {[%clk 0:33:28]} Rxc6
{[%clk 0:32:20]} 29. dxc6 {[%clk 0:33:42]} Rxc6 {[%clk 0:32:31]} 30. Qf2
{[%clk 0:31:57]} Nf6 {[%clk 0:32:17]} 31. Qh4 {[%clk 0:25:53]} Qd3
{[%clk 0:23:21]} 32. Rxc5 {[%clk 0:18:58]} Rxc5 {[%clk 0:17:24]} 33. Bxc5
{[%clk 0:19:03]} Qa6 {[%clk 0:10:01]} 34. fxg6 {[%clk 0:15:29]} hxg6
{[%clk 0:10:15]} 35. Qg5 {[%clk 0:12:19]} Qe6 {[%clk 0:08:13]} 36. Rd3
{[%clk 0:11:20]} Nh5 {[%clk 0:07:06]} 37. Qd8+ {[%clk 0:03:20]} Kh7
{[%clk 0:07:25]} 38. Qxa5 {[%clk 0:03:13]} Nf4 {[%clk 0:07:18]} 39. Rd2
{[%clk 0:02:57]} Bh6 {[%clk 0:03:06]} 40. Qxb4 {[%clk 0:32:55]} Qg4
{[%clk 0:33:10]} 41. Kh1 {[%clk 0:23:55]} Ne6 {[%clk 0:32:39]} 42. h3
{[%clk 0:19:18]} Qf4 {[%clk 0:31:52]} 43. Rd1 {[%clk 0:16:03]} Ng7
{[%clk 0:29:32]} 44. Qe1 {[%clk 0:14:09]} f5 {[%clk 0:29:09]} 45. Bf2
{[%clk 0:10:42]} fxe4 {[%clk 0:29:08]} 46. Bg3 {[%clk 0:10:23]} Qf5
{[%clk 0:29:30]} 47. Qc3 {[%clk 0:09:41]} Bf4 {[%clk 0:29:12]} 48. Bxf4
{[%clk 0:07:49]} exf4 {[%clk 0:29:34]} 49. a5 {[%clk 0:06:28]} Nh5
{[%clk 0:29:41]} 50. Qc7+ {[%clk 0:06:27]} Kh6 {[%clk 0:30:00]} 51. a6
{[%clk 0:06:14]} f3 {[%clk 0:29:58]} 52. g4 {[%clk 0:05:30]} Qg5 {[%clk 0:29:04]}
53. a7 {[%clk 0:01:05]} Qh4 {[%clk 0:29:20]} 54. Qc1+ {[%clk 0:00:51]} Kh7
{[%clk 0:28:27]} 55. Rd7+ {[%clk 0:00:46]} Ng7 {[%clk 0:28:51]} 56. Rxg7+
{[%clk 0:01:12]} Kxg7 {[%clk 0:29:15]} 57. Qc7+ {[%clk 0:01:37]} Kh6
{[%clk 0:29:36]} 58. Qf4+ {[%clk 0:00:46]} Kh7 {[%clk 0:29:58]} 59. Qf7+
{[%clk 0:00:44]} Kh6 {[%clk 0:30:16]} 60. Qf4+ {[%clk 0:00:42]} Kh7
{[%clk 0:30:39]} 61. Qc7+ {[%clk 0:00:40]} Kh6 {[%clk 0:30:53]} 62. Qc1+
{[%clk 0:00:36]} Kh7 {[%clk 0:31:05]} 63. Qd2 {[%clk 0:00:38]} e3
{[%clk 0:31:03]} 64. Qd7+ {[%clk 0:00:37]} Kh6 {[%clk 0:31:25]} 65. Qd1
{[%clk 0:00:38]} Qxh3+ {[%clk 0:31:41]} 0-1

[Event "MP do 16 lat - chlopcy"]
[Site "Sypniewo"]
[Date "2022.03.23"]
[Round "5.22"]
[White "Jendrowiak, Maciej"]
[Black "Biesiadecki, Adam"]
[Result "1-0"]
[BlackElo "1916"]
[WhiteElo "1650"]
[LiveChessVersion "1.4.8"]

1. d4 {[%clk 1:30:58]} Nf6 {[%clk 1:30:48]} 2. c4 {[%clk 1:31:19]} e6
{[%clk 1:31:12]} 3. Nc3 {[%clk 1:31:30]} Bb4 {[%clk 1:31:35]} 4. Qc2
{[%clk 1:31:06]} c5 {[%clk 1:31:57]} 5. Nf3 {[%clk 1:28:38]} Nc6 {[%clk 1:32:12]}
6. e3 {[%clk 1:28:41]} d5 {[%clk 1:31:37]} 7. cxd5 {[%clk 1:27:20]} Nxd5
{[%clk 1:31:42]} 8. Bb5 {[%clk 1:24:35]} Qb6 {[%clk 1:29:51]} 9. Bxc6+
{[%clk 1:23:01]} bxc6 {[%clk 1:29:15]} 10. O-O {[%clk 1:21:59]} cxd4
{[%clk 1:25:28]} 11. Nxd4 {[%clk 1:20:08]} O-O {[%clk 1:24:49]} 12. Na4
{[%clk 1:19:59]} Qc7 {[%clk 1:17:39]} 13. e4 {[%clk 1:09:24]} Ne7
{[%clk 1:10:13]} 14. Bg5 {[%clk 1:07:31]} Bb7 {[%clk 1:07:42]} 15. Rfd1
{[%clk 1:05:25]} Ng6 {[%clk 0:57:34]} 16. Rac1 {[%clk 1:01:29]} h6
{[%clk 0:48:38]} 17. Be3 {[%clk 1:01:17]} Ne5 {[%clk 0:44:36]} 18. h3
{[%clk 0:59:35]} Be7 {[%clk 0:35:19]} 19. Qb3 {[%clk 0:49:57]} Rfd8
{[%clk 0:31:29]} 20. Bf4 {[%clk 0:49:03]} Bf6 {[%clk 0:30:21]} 21. Qg3
{[%clk 0:48:24]} Qa5 {[%clk 0:22:55]} 22. Nc5 {[%clk 0:46:12]} 1-0

[Event "MP do 16 lat - chlopcy"]
[Site "Sypniewo"]
[Date "2022.03.23"]
[Round "5.23"]
[White "Goral, Jan"]
[Black "Wiatrowski, Zbigniew"]
[Result "0-1"]
[BlackElo "1880"]
[WhiteElo "1618"]
[LiveChessVersion "1.4.8"]

1. Nf3 {[%clk 1:30:56]} c5 {[%clk 1:30:54]} 2. c4 {[%clk 1:31:15]} Nc6
{[%clk 1:31:17]} 3. g3 {[%clk 1:30:20]} g6 {[%clk 1:31:09]} 4. Bg2
{[%clk 1:30:06]} Bg7 {[%clk 1:31:32]} 5. O-O {[%clk 1:30:14]} e5 {[%clk 1:31:34]}
6. d3 {[%clk 1:29:46]} Nge7 {[%clk 1:31:37]} 7. Nc3 {[%clk 1:28:23]} O-O
{[%clk 1:31:18]} 8. a3 {[%clk 1:25:51]} a5 {[%clk 1:28:47]} 9. Ne1
{[%clk 1:20:57]} d6 {[%clk 1:27:41]} 10. Nc2 {[%clk 1:20:33]} Be6
{[%clk 1:25:46]} 11. Ne3 {[%clk 1:19:46]} f5 {[%clk 1:24:12]} 12. Ned5
{[%clk 1:19:03]} h6 {[%clk 1:21:18]} 13. Bd2 {[%clk 1:10:43]} g5 {[%clk 1:12:46]}
14. Rb1 {[%clk 1:06:01]} Rb8 {[%clk 1:02:50]} 15. b4 {[%clk 1:02:03]} axb4
{[%clk 0:59:59]} 16. axb4 {[%clk 1:02:16]} b6 {[%clk 0:59:41]} 17. bxc5
{[%clk 0:56:02]} bxc5 {[%clk 0:59:12]} 18. Qa4 {[%clk 0:53:43]} Qd7
{[%clk 0:51:22]} 19. Qa6 {[%clk 0:37:37]} Kh7 {[%clk 0:43:24]} 20. Nxe7
{[%clk 0:24:18]} Nxe7 {[%clk 0:43:44]} 21. Rb6 Rxb6 {[%clk 0:40:32]} 22. Qxb6
{[%clk 0:22:59]} e4 {[%clk 0:32:30]} 23. Rb1 {[%clk 0:16:32]} Nc6
{[%clk 0:25:54]} 24. Qb7 {[%clk 0:11:02]} Qxb7 {[%clk 0:21:13]} 25. Rxb7
{[%clk 0:11:29]} Ne5 {[%clk 0:21:33]} 26. dxe4 {[%clk 0:05:33]} Nxc4 27. exf5
{[%clk 0:05:26]} Bc8 {[%clk 0:18:42]} 28. Rc7 {[%clk 0:03:02]} Bxf5
{[%clk 0:10:16]} 29. Be1 {[%clk 0:03:18]} Kh8 {[%clk 0:08:38]} 30. h3
{[%clk 0:02:33]} Rb8 {[%clk 0:07:56]} 31. Kh2 {[%clk 0:01:39]} Rb2
{[%clk 0:07:04]} 32. e4 {[%clk 0:01:28]} Bg6 {[%clk 0:06:35]} 33. Bf1
{[%clk 0:00:49]} Nd2 {[%clk 0:05:43]} 34. Bxd2 {[%clk 0:00:37]} Rxd2
{[%clk 0:06:12]} 35. Ne2 {[%clk 0:00:32]} Bxe4 {[%clk 0:06:30]} 36. Rc8+
{[%clk 0:00:42]} Kh7 {[%clk 0:06:58]} 37. Kg1 {[%clk 0:00:44]} Bd3
{[%clk 0:04:05]} 38. Re8 {[%clk 0:01:12]} c4 {[%clk 0:04:34]} 0-1

[Event "MP do 16 lat - chlopcy"]
[Site "Sypniewo"]
[Date "2022.03.23"]
[Round "5.24"]
[White "Karut, Kacper"]
[Black "Bajer, Tomasz"]
[Result "1-0"]
[BlackElo "1460"]
[WhiteElo "1763"]
[LiveChessVersion "1.4.8"]

1. e4 {[%clk 1:30:30]} g6 {[%clk 1:30:30]} 2. d4 {[%clk 1:30:30]} Bg7
{[%clk 1:30:30]} 3. Nc3 {[%clk 1:30:24]} d6 {[%clk 1:31:47]} 4. Be3
{[%clk 1:29:47]} Nf6 {[%clk 1:31:47]} 5. f3 {[%clk 1:29:12]} O-O {[%clk 1:30:25]}
6. Qd2 {[%clk 1:28:47]} Nbd7 {[%clk 1:29:59]} 7. O-O-O {[%clk 1:27:43]} a6
{[%clk 1:28:16]} 8. g4 {[%clk 1:26:44]} c6 {[%clk 1:26:46]} 9. h4
{[%clk 1:25:50]} h5 {[%clk 1:25:58]} 10. e5 {[%clk 1:20:11]} Ne8 {[%clk 1:20:17]}
11. gxh5 {[%clk 1:16:45]} b5 {[%clk 1:13:26]} 12. hxg6 {[%clk 1:14:24]} Qa5
{[%clk 1:13:13]} 13. gxf7+ {[%clk 1:13:45]} Rxf7 {[%clk 1:13:38]} 14. e6
{[%clk 1:13:06]} b4 {[%clk 1:11:59]} 15. exf7+ {[%clk 1:12:35]} Kxf7
{[%clk 1:10:54]} 16. Nb1 {[%clk 1:11:32]} Nb6 {[%clk 1:00:36]} 17. Qd3
{[%clk 1:04:19]} Be6 {[%clk 0:59:01]} 18. Bh3 {[%clk 1:00:41]} Qxa2
{[%clk 0:58:00]} 19. Bxe6+ {[%clk 1:00:19]} Kxe6 {[%clk 0:58:29]} 20. Qb3+
{[%clk 0:59:11]} 1-0

[Event "MP do 16 lat - chlopcy"]
[Site "Sypniewo"]
[Date "2022.03.23"]
[Round "5.25"]
[White "Bancarewicz, Aleks"]
[Black "Pisarek, Jan"]
[Result "0-1"]
[BlackElo "1703"]
[WhiteElo "1870"]
[LiveChessVersion "1.4.8"]

1. e4 {[%clk 1:30:57]} c5 {[%clk 1:30:52]} 2. Nf3 {[%clk 1:31:21]} e6
{[%clk 1:31:17]} 3. d4 {[%clk 1:31:45]} cxd4 {[%clk 1:31:41]} 4. Nxd4
{[%clk 1:32:09]} Nf6 {[%clk 1:32:06]} 5. Nc3 {[%clk 1:32:30]} Nc6
{[%clk 1:32:31]} 6. Nxc6 {[%clk 1:32:39]} bxc6 {[%clk 1:32:54]} 7. e5
{[%clk 1:32:37]} Nd5 {[%clk 1:33:18]} 8. Ne4 {[%clk 1:32:19]} Qa5+
{[%clk 1:33:41]} 9. c3 {[%clk 1:22:35]} Ba6 {[%clk 1:32:50]} 10. Be2
{[%clk 1:15:37]} Bxe2 {[%clk 1:30:23]} 11. Qxe2 {[%clk 1:15:58]} f5
{[%clk 1:29:53]} 12. exf6 {[%clk 1:05:05]} Nxf6 {[%clk 1:30:09]} 13. Bf4
{[%clk 0:52:08]} Qf5 {[%clk 1:18:45]} 14. Nxf6+ {[%clk 0:45:28]} gxf6
{[%clk 1:18:50]} 15. Be3 {[%clk 0:43:13]} Rg8 {[%clk 1:15:28]} 16. g3
{[%clk 0:38:01]} a5 {[%clk 1:09:48]} 17. O-O {[%clk 0:30:06]} h5 {[%clk 1:06:58]}
18. Rad1 {[%clk 0:23:54]} h4 {[%clk 0:59:29]} 19. Qd3 {[%clk 0:21:20]} Qxd3
{[%clk 0:56:59]} 20. Rxd3 {[%clk 0:21:49]} Rb8 {[%clk 0:55:51]} 21. b3
{[%clk 0:21:21]} d5 {[%clk 0:54:21]} 22. Rd4 {[%clk 0:16:19]} hxg3
{[%clk 0:53:11]} 23. hxg3 {[%clk 0:16:48]} Bc5 {[%clk 0:39:56]} 24. Ra4
{[%clk 0:17:09]} Bxe3 {[%clk 0:39:47]} 25. fxe3 {[%clk 0:17:37]} Ke7
{[%clk 0:39:42]} 26. Rxa5 {[%clk 0:15:57]} Rxg3+ {[%clk 0:39:56]} 27. Kf2
{[%clk 0:16:26]} Rbg8 {[%clk 0:39:47]} 28. Ke2 {[%clk 0:14:12]} f5
{[%clk 0:39:16]} 29. b4 {[%clk 0:04:09]} Rh8 {[%clk 0:38:43]} 30. Ra6
{[%clk 0:04:08]} Kd7 {[%clk 0:37:50]} 31. c4 {[%clk 0:00:37]} dxc4
{[%clk 0:32:58]} 32. Ra3 {[%clk 0:00:34]} Rh2+ {[%clk 0:31:57]} 33. Rf2
{[%clk 0:01:02]} Rgg2 {[%clk 0:32:20]} 34. Rxg2 {[%clk 0:01:16]} Rxg2+
{[%clk 0:32:46]} 35. Kd1 {[%clk 0:01:15]} Rb2 {[%clk 0:31:59]} 36. Ra4
{[%clk 0:00:51]} Kd6 {[%clk 0:30:21]} 37. Kc1 {[%clk 0:00:45]} Re2
{[%clk 0:27:54]} 38. Ra3 {[%clk 0:01:06]} Kd5 {[%clk 0:17:26]} 39. Kb1
{[%clk 0:01:27]} Ke4 {[%clk 0:15:03]} 40. Rc3 {[%clk 0:31:55]} Rxe3
{[%clk 0:44:49]} 41. Rxc4+ {[%clk 0:29:44]} Kd5 {[%clk 0:43:55]} 42. Rc5+
{[%clk 0:27:41]} Kd6 {[%clk 0:43:04]} 43. Kc2 {[%clk 0:23:50]} f4
{[%clk 0:39:50]} 44. a4 {[%clk 0:22:27]} Re4 {[%clk 0:37:33]} 45. Kb3
{[%clk 0:22:32]} f3 {[%clk 0:37:24]} 46. Rc1 {[%clk 0:22:12]} e5 {[%clk 0:30:22]}
47. a5 {[%clk 0:20:30]} f2 {[%clk 0:27:58]} 48. Rf1 {[%clk 0:18:01]} Re2
{[%clk 0:28:16]} 49. a6 {[%clk 0:12:50]} Kc7 {[%clk 0:28:15]} 50. a7
{[%clk 0:12:42]} Kb7 {[%clk 0:28:37]} 51. Ra1 {[%clk 0:13:00]} Ka8
{[%clk 0:28:57]} 0-1

[Event "MP do 16 lat - chlopcy"]
[Site "Sypniewo"]
[Date "2022.03.23"]
[Round "5.26"]
[White "Bochenek, Ryszard"]
[Black "Garwacki, Kornel"]
[Result "0-1"]
[BlackElo "1512"]
[WhiteElo "1530"]
[LiveChessVersion "1.4.8"]

1. e4 {[%clk 1:30:58]} d6 {[%clk 1:31:00]} 2. d4 {[%clk 1:28:43]} Nf6
{[%clk 1:31:28]} 3. Nc3 {[%clk 1:28:37]} g6 {[%clk 1:31:54]} 4. Bc4
{[%clk 1:27:40]} Bg7 {[%clk 1:32:15]} 5. Nge2 {[%clk 1:27:18]} O-O
{[%clk 1:32:36]} 6. f3 {[%clk 1:27:01]} Nc6 {[%clk 1:32:42]} 7. Be3
{[%clk 1:26:10]} e5 {[%clk 1:32:36]} 8. Qd2 {[%clk 1:25:23]} a6 {[%clk 1:30:27]}
9. d5 {[%clk 1:24:42]} Na5 {[%clk 1:27:42]} 10. Bd3 {[%clk 1:24:56]} b5
{[%clk 1:27:21]} 11. g4 {[%clk 1:19:18]} c5 {[%clk 1:20:31]} 12. dxc6
{[%clk 1:15:29]} Nxc6 {[%clk 1:17:21]} 13. O-O-O {[%clk 1:14:08]} Qa5
{[%clk 1:11:35]} 14. g5 {[%clk 1:12:20]} Nd7 {[%clk 1:04:27]} 15. Kb1
{[%clk 1:12:07]} Nc5 {[%clk 1:01:39]} 16. f4 {[%clk 1:06:03]} Rb8
{[%clk 0:52:11]} 17. f5 {[%clk 1:05:25]} Nb4 {[%clk 0:48:17]} 18. f6
{[%clk 1:04:06]} Bh8 {[%clk 0:47:55]} 19. Nc1 {[%clk 1:03:52]} Be6
{[%clk 0:46:56]} 20. Nd5 {[%clk 0:58:54]} Bxd5 {[%clk 0:44:43]} 21. exd5
{[%clk 0:58:37]} Ncxd3 {[%clk 0:43:41]} 22. cxd3 {[%clk 0:58:06]} Qa4
{[%clk 0:42:15]} 23. Qg2 {[%clk 0:42:49]} Rfc8 {[%clk 0:40:37]} 24. b3
{[%clk 0:42:03]} Qa3 {[%clk 0:40:19]} 25. Rd2 {[%clk 0:42:13]} Rc7
{[%clk 0:39:02]} 26. Rb2 {[%clk 0:28:42]} Rbc8 {[%clk 0:38:27]} 27. h4
{[%clk 0:27:52]} a5 {[%clk 0:34:50]} 28. h5 {[%clk 0:26:09]} gxh5
{[%clk 0:28:10]} 29. Qh2 {[%clk 0:22:15]} Rc2 {[%clk 0:24:20]} 30. Rxc2
{[%clk 0:22:26]} Rxc2 {[%clk 0:24:48]} 31. Qxc2 {[%clk 0:22:46]} Nxc2
{[%clk 0:25:15]} 32. Kxc2 {[%clk 0:23:12]} h6 {[%clk 0:23:22]} 33. Rxh5
{[%clk 0:21:59]} hxg5 {[%clk 0:23:36]} 34. Rxg5+ {[%clk 0:15:42]} Kf8
{[%clk 0:21:51]} 35. Rg4 {[%clk 0:14:29]} Bxf6 {[%clk 0:21:01]} 36. Bh6+
{[%clk 0:14:40]} Ke7 {[%clk 0:21:08]} 37. Be3 {[%clk 0:15:05]} Kd7
{[%clk 0:16:54]} 38. Re4 {[%clk 0:14:48]} Bd8 {[%clk 0:14:56]} 39. Rg4
{[%clk 0:08:11]} a4 {[%clk 0:05:44]} 40. b4 {[%clk 0:37:46]} Be7 {[%clk 0:30:50]}
41. Bd2 {[%clk 0:37:53]} e4 {[%clk 0:28:16]} 42. Bc3 {[%clk 0:33:15]} exd3+
{[%clk 0:27:35]} 43. Kd2 {[%clk 0:33:27]} Bd8 {[%clk 0:23:22]} 44. Rg7
{[%clk 0:31:00]} Bh4 {[%clk 0:19:57]} 45. Rg1 {[%clk 0:25:11]} Bf2
{[%clk 0:17:16]} 46. Rf1 {[%clk 0:23:39]} Be3+ {[%clk 0:17:18]} 47. Kxe3
{[%clk 0:22:33]} Qxc3 {[%clk 0:17:41]} 48. Nxd3 {[%clk 0:22:50]} Qc4
{[%clk 0:16:12]} 49. Rxf7+ {[%clk 0:22:00]} Ke8 {[%clk 0:16:34]} 50. Rf2
{[%clk 0:22:22]} Qxd5 {[%clk 0:16:51]} 51. Re2 {[%clk 0:22:27]} Qc4
{[%clk 0:16:47]} 52. Rh2 {[%clk 0:20:39]} d5 {[%clk 0:15:52]} 53. Re2
{[%clk 0:19:45]} Ke7 {[%clk 0:15:11]} 54. Nf4 {[%clk 0:15:01]} Kf6
{[%clk 0:14:21]} 55. Rf2 {[%clk 0:13:47]} Qe4+ {[%clk 0:13:49]} 56. Kd2
{[%clk 0:13:37]} Qxb4+ {[%clk 0:12:54]} 57. Ke3 {[%clk 0:13:52]} Qe4+
{[%clk 0:12:34]} 58. Kd2 {[%clk 0:14:20]} Kg5 {[%clk 0:12:07]} 59. Nd3
{[%clk 0:14:05]} d4 {[%clk 0:11:58]} 60. Re2 {[%clk 0:13:56]} Qc6
{[%clk 0:11:44]} 61. Re5+ {[%clk 0:12:06]} Kf6 {[%clk 0:12:05]} 62. Rc5
{[%clk 0:11:10]} Qg2+ {[%clk 0:12:25]} 63. Kd1 {[%clk 0:11:21]} Qf3+ 0-1

[Event "MP do 16 lat - chlopcy"]
[Site "Sypniewo"]
[Date "2022.03.24"]
[Round "6.1"]
[White "Malek, Jan"]
[Black "Karolczuk, Iwo"]
[Result "1-0"]
[BlackElo "2328"]
[WhiteElo "2230"]
[LiveChessVersion "1.4.8"]

1. e4 {[%clk 1:30:55]} c5 {[%clk 1:30:54]} 2. c3 {[%clk 1:31:20]} Nf6
{[%clk 1:31:05]} 3. e5 {[%clk 1:31:43]} Nd5 {[%clk 1:31:29]} 4. Nf3
{[%clk 1:32:08]} e6 {[%clk 1:31:17]} 5. d4 {[%clk 1:31:19]} cxd4 {[%clk 1:31:38]}
6. cxd4 {[%clk 1:31:42]} d6 {[%clk 1:31:28]} 7. Bc4 {[%clk 1:32:06]} Nc6
{[%clk 1:31:46]} 8. O-O {[%clk 1:32:29]} Be7 {[%clk 1:32:06]} 9. Qe2
{[%clk 1:32:52]} O-O {[%clk 1:32:29]} 10. Qe4 {[%clk 1:33:18]} Bd7
{[%clk 1:32:23]} 11. Bb3 {[%clk 1:33:40]} Na5 {[%clk 1:28:19]} 12. Bc2
{[%clk 1:33:44]} f5 {[%clk 1:27:23]} 13. exf6 {[%clk 1:33:23]} Nxf6
{[%clk 1:27:45]} 14. Qe2 {[%clk 1:33:42]} Nd5 {[%clk 1:18:19]} 15. Qe4
{[%clk 1:25:23]} Nf6 {[%clk 1:17:39]} 16. Qe2 {[%clk 1:21:31]} Nd5
{[%clk 1:15:39]} 17. Nc3 {[%clk 1:20:58]} Nxc3 {[%clk 1:12:03]} 18. bxc3
{[%clk 1:15:24]} Qe8 {[%clk 0:56:43]} 19. c4 {[%clk 1:12:36]} Qh5
{[%clk 0:50:47]} 20. Bd2 {[%clk 1:12:50]} Rae8 {[%clk 0:43:58]} 21. Bxa5
{[%clk 1:02:41]} Qxa5 {[%clk 0:44:14]} 22. Qe4 {[%clk 1:03:05]} g6
{[%clk 0:32:21]} 23. Qxb7 {[%clk 1:03:21]} Bc8 {[%clk 0:32:29]} 24. Qc6
{[%clk 0:56:01]} Rd8 {[%clk 0:31:40]} 25. Rfe1 {[%clk 0:54:20]} Rf7
{[%clk 0:29:26]} 26. Bb3 {[%clk 0:50:40]} Rdf8 {[%clk 0:28:25]} 27. Re2
{[%clk 0:48:06]} Qh5 {[%clk 0:26:39]} 28. Rae1 {[%clk 0:47:32]} g5
{[%clk 0:16:58]} 29. h3 {[%clk 0:33:09]} g4 {[%clk 0:16:12]} 30. hxg4
{[%clk 0:33:31]} Qxg4 {[%clk 0:16:38]} 31. Re4 {[%clk 0:30:39]} Qf5
{[%clk 0:15:02]} 32. c5 {[%clk 0:27:56]} Rg7 {[%clk 0:09:03]} 33. Rxe6
{[%clk 0:23:07]} Kh8 {[%clk 0:06:56]} 34. Rxe7 {[%clk 0:23:09]} Rxg2+
{[%clk 0:00:50]} 35. Kxg2 {[%clk 0:23:32]} Qh5 {[%clk 0:00:41]} 36. Rxh7+
{[%clk 0:23:36]} Qxh7 {[%clk 0:00:57]} 37. Rh1 {[%clk 0:23:58]} 1-0

[Event "MP do 16 lat - chlopcy"]
[Site "Sypniewo"]
[Date "2022.03.24"]
[Round "6.2"]
[White "Myrmus, Mateusz"]
[Black "Klimkowski, Jan"]
[Result "0-1"]
[BlackElo "2350"]
[WhiteElo "1925"]
[LiveChessVersion "1.4.8"]

1. e4 {[%clk 1:30:58]} e5 {[%clk 1:30:57]} 2. Nf3 {[%clk 1:31:21]} Nc6
{[%clk 1:31:22]} 3. Bc4 {[%clk 1:31:45]} Nf6 {[%clk 1:31:08]} 4. Ng5
{[%clk 1:32:08]} d5 {[%clk 1:31:04]} 5. exd5 {[%clk 1:32:31]} Na5
{[%clk 1:31:32]} 6. Bb5+ {[%clk 1:32:51]} c6 {[%clk 1:31:58]} 7. dxc6
{[%clk 1:33:13]} bxc6 {[%clk 1:32:23]} 8. Qf3 {[%clk 1:33:37]} Be7
{[%clk 1:31:49]} 9. Bd3 {[%clk 1:33:58]} O-O {[%clk 1:29:57]} 10. O-O
{[%clk 1:33:20]} h6 {[%clk 1:28:52]} 11. Ne4 {[%clk 1:33:44]} Nd5
{[%clk 1:27:10]} 12. Ng3 {[%clk 1:34:09]} Nf4 {[%clk 1:23:07]} 13. b3
{[%clk 1:34:33]} f5 {[%clk 1:17:38]} 14. Ba3 {[%clk 1:23:09]} Be6
{[%clk 1:16:03]} 15. Qe3 {[%clk 1:10:05]} Bxa3 {[%clk 1:08:06]} 16. Nxa3
{[%clk 1:10:15]} Qd5 {[%clk 1:08:30]} 17. f3 {[%clk 0:57:02]} Nxd3
{[%clk 1:08:10]} 18. Qxd3 {[%clk 0:57:20]} Qc5+ {[%clk 1:08:32]} 19. Qe3
{[%clk 0:57:43]} Qxa3 {[%clk 1:08:45]} 20. Qxe5 {[%clk 0:58:07]} Rae8
{[%clk 1:06:23]} 21. Nh5 {[%clk 0:57:54]} Rf7 {[%clk 1:06:39]} 22. Rfe1
{[%clk 0:57:01]} Nb7 {[%clk 1:05:55]} 23. Nf4 {[%clk 0:56:42]} Bd7
{[%clk 1:04:49]} 24. Qd4 {[%clk 0:56:32]} Rfe7 {[%clk 1:04:10]} 25. Kf2
{[%clk 0:56:02]} Qc5 {[%clk 0:58:40]} 26. Qxc5 {[%clk 0:56:22]} Nxc5
{[%clk 0:59:06]} 27. d4 {[%clk 0:56:24]} Rxe1 {[%clk 0:58:44]} 28. Rxe1
{[%clk 0:56:46]} Ne6 {[%clk 0:57:40]} 29. Nxe6 {[%clk 0:56:54]} Rxe6
{[%clk 0:55:17]} 30. Rd1 {[%clk 0:56:32]} Kf7 {[%clk 0:54:57]} 31. c4
{[%clk 0:56:30]} g5 {[%clk 0:55:07]} 32. g3 {[%clk 0:56:34]} Kf6 {[%clk 0:54:27]}
33. Rd2 {[%clk 0:56:09]} f4 {[%clk 0:54:00]} 34. gxf4 {[%clk 0:56:24]} gxf4
{[%clk 0:54:22]} 35. Rd1 {[%clk 0:56:51]} Re3 {[%clk 0:54:20]} 36. d5
{[%clk 0:56:55]} c5 {[%clk 0:51:04]} 37. b4 {[%clk 0:57:21]} cxb4
{[%clk 0:51:32]} 38. c5 {[%clk 0:57:44]} Bb5 {[%clk 0:51:38]} 39. Rd4
{[%clk 0:52:42]} Re2+ {[%clk 0:51:32]} 40. Kg1 {[%clk 1:23:07]} a5
{[%clk 1:21:47]} 41. c6 {[%clk 1:22:59]} Rxa2 {[%clk 1:20:18]} 42. c7
{[%clk 1:22:30]} Rc2 {[%clk 1:20:20]} 43. d6 {[%clk 1:22:55]} Ke5 0-1